Measure of damages (Record no. 71803)

MARC details
000 -LEADER
fixed length control field 01450cam a2200229 4500
001 - CONTROL NUMBER
control field ABS66278
008 - FIXED-LENGTH DATA ELEMENTS--GENERAL INFORMATION
fixed length control field 021218n2002 000 0 eng u
035 ## - SYSTEM CONTROL NUMBER
System control number (Sirsi) u120823
100 ## - MAIN ENTRY--PERSONAL NAME
Personal name Brewer, G
245 ## - TITLE STATEMENT
Title Measure of damages
260 ## - PUBLICATION, DISTRIBUTION, ETC.
Date of publication, distribution, etc. 2002
490 ## - SERIES STATEMENT
Series statement Contract Journal
Volume/sequential designation 416(6403) 13 November 2002, 40(1)
520 ## - SUMMARY, ETC.
Summary, etc. Looks at the issue of the measure of damages as a proportion of the benefits obtained by the defendant. In "Amec Developments Ltd v Jurys Hotel Management (UK) Ltd" [2000] Amec claimed it was entitled to damages to reflect the sum of money it might reasonably have been able to demand from Jury's Hotel as a deal for allowing encroachment beyond a permitted building line. The court assessed damages at £375 000 after it judged that the defendant had encroached a building line, protected by a restrictive covenant, by a substantial amount, representing a significant area of extra building space. The implication of this judgment is that, in certain circumstances, damages will be assessed on the basis of the gain obtained by the party in breach of duty, even where no loss is suffered by the other party.
590 ## - LOCAL NOTE (RLIN)
Local note ABS
650 ## - SUBJECT ADDED ENTRY--TOPICAL TERM
Topical term or geographic name entry element AMEC DEVELOPMENTS LTD V JURY'S HOTEL MANAGEMENT (UK) LTD
650 ## - SUBJECT ADDED ENTRY--TOPICAL TERM
Topical term or geographic name entry element DAMAGES
650 ## - SUBJECT ADDED ENTRY--TOPICAL TERM
Topical term or geographic name entry element MEASURE OF DAMAGES
650 ## - SUBJECT ADDED ENTRY--TOPICAL TERM
Topical term or geographic name entry element RESTRICTIVE COVENANTS
650 ## - SUBJECT ADDED ENTRY--TOPICAL TERM
Topical term or geographic name entry element BUILDING LINE
690 ## - LOCAL SUBJECT ADDED ENTRY--TOPICAL TERM (OCLC, RLIN)
Topical term or geographic name as entry element ENVIRONMENTAL AND LAND CONSULTANCY-PLANNING AND DEVELOPMENT
942 ## - ADDED ENTRY ELEMENTS (KOHA)
Suppress in OPAC 0
Holdings
Withdrawn status Lost status Source of classification or shelving scheme Damaged status Not for loan Home library Current library Shelving location Date acquired Total Checkouts Full call number Barcode Date last seen Copy number Price effective from Koha item type
    Dewey Decimal Classification     London London Journal article 18/12/2002   ABS66278 120823-1001 06/08/2019 1 06/08/2019 Journal article